Phương pháp cố kết hút chân không xử lý nền đất yếu trong xây dựng công trình

Uloženo v:
Podrobná bibliografie
Médium: Kniha
Jazyk:Vietnamese
Vydáno: Xây dựng 2011
Témata:
Tagy: Přidat tag
Žádné tagy, Buďte první, kdo otaguje tento záznam!
Thư viện lưu trữ: Mạng thư viện Đại học Đà Nẵng
LEADER 01118nam a2200313 a 4500
001 000003041
003 03570
005 20171229145311.0
008 171229s2011 vie
040 |a LSK 
041 0 |a VIE 
082 0 |a 624.151  |b NG-C 
245 0 0 |a Phương pháp cố kết hút chân không xử lý nền đất yếu trong xây dựng công trình  |c Nguyễn Chiến chủ biên; Tô Hữu Đức, Phạm Huy Dũng 
260 |b Xây dựng  |c 2011 
300 |a 100 pages  |c 27 cm. 
653 |a Địa chất công trình 
653 |a Phương pháp cố kết hút chân không 
852 |a Phòng Đọc 
901 |a 1 
927 |a Sách tham khảo 
OWN |a LSK 
AVA |a UDN50  |b LSK  |d 624.151 NG-C  |e available  |t Error 5001 Not defined in file expand_doc_bib_avail.  |f 1  |g 0  |h N  |i 0  |k 1 
999 |a From the UDN01 
AVA |a UDN50  |b LSK  |d 624.151 NG-C  |e available  |t Error 5001 Not defined in file expand_doc_bib_avail.  |f 1  |g 0  |h N  |i 0  |k 1 
TYP |a Monograph 
TYP |a Printed language 
980 |a Mạng thư viện Đại học Đà Nẵng